Impact of HR strategies on employee retention in Lupin limited / (Record no. 231723)
[ view plain ]
| 000 -LEADER | |
|---|---|
| fixed length control field | 00640nam a22001937a 4500 |
| 003 - CONTROL NUMBER IDENTIFIER | |
| control field | OSt |
| 005 - DATE AND TIME OF LATEST TRANSACTION | |
| control field | 20240903161000.0 |
| 008 - FIXED-LENGTH DATA ELEMENTS--GENERAL INFORMATION | |
| fixed length control field | 240903b ||||| |||| 00| 0 eng d |
| 040 ## - CATALOGING SOURCE | |
| Transcribing agency | AIMIT LIBRARY |
| 100 ## - MAIN ENTRY--PERSONAL NAME | |
| Personal name | Dias, Pavan. |
| Relator term | 2216125 |
| 9 (RLIN) | 178648 |
| 245 ## - TITLE STATEMENT | |
| Title | Impact of HR strategies on employee retention in Lupin limited / |
| Statement of responsibility, etc. | By Pavan Dias ; Guided by Annette Sonia Maben. |
| 260 ## - PUBLICATION, DISTRIBUTION, ETC. | |
| Place of publication, distribution, etc. | Mumbai ; |
| Date of publication, distribution, etc. | 2024. |
| 650 ## - SUBJECT ADDED ENTRY--TOPICAL TERM | |
| Topical term or geographic name entry element | Research question |
| 9 (RLIN) | 178649 |
| 650 ## - SUBJECT ADDED ENTRY--TOPICAL TERM | |
| Topical term or geographic name entry element | Data sources |
| 9 (RLIN) | 178650 |
| 650 ## - SUBJECT ADDED ENTRY--TOPICAL TERM | |
| Topical term or geographic name entry element | Reliability analysis |
| 9 (RLIN) | 178651 |
| 700 ## - ADDED ENTRY--PERSONAL NAME | |
| Personal name | Maben, Annette Sonia. |
| Relator term | Guide |
| 9 (RLIN) | 178652 |
| 856 ## - ELECTRONIC LOCATION AND ACCESS | |
| Materials specified | Lupin Limited. |
| Link text | www.lupin.com |
| 942 ## - ADDED ENTRY ELEMENTS (KOHA) | |
| Source of classification or shelving scheme | Dewey Decimal Classification |
| Koha item type | Project Report |
| Withdrawn status | Lost status | Source of classification or shelving scheme | Damaged status | Not for loan | Collection code | Home library | Current library | Shelving location | Date acquired | Total Checkouts | Barcode | Date last seen | Copy number | Uniform Resource Identifier | Price effective from | Koha item type |
|---|---|---|---|---|---|---|---|---|---|---|---|---|---|---|---|---|
| Dewey Decimal Classification | Not for loan | MBA | St Aloysius Institute of Management & Information Technology | St Aloysius Institute of Management & Information Technology | Dissertations | 09/03/2024 | PRB02338 | 09/03/2024 | 2216125 | www.lupin.com | 09/03/2024 | Project Report |